| 000 | 00702 a2200265 4500 | ||
|---|---|---|---|
| 001 | 76916 | ||
| 650 | 0 |
_9111439 _aEşya hukuku _zTürkiye |
|
| 999 |
_c76916 _d19601 |
||
| 003 | TR-AnTOB | ||
| 005 | 20230324155340.0 | ||
| 008 | 130407s1974 tu 000 0 | ||
| 040 | _aTR-AnTOB | ||
| 041 | _atur | ||
| 050 | 1 | 4 |
_aKKX680 _b.S29 1954 nadir |
| 090 | _aRARE KB680 .S29 1954 | ||
| 100 | 1 |
_aSaymen, Ferit H. _956188 |
|
| 245 | 0 |
_aTürk eşya hukuku : _b(ayni haklar) / _cFerit H. Saymen, Halid K. |
|
| 264 | 1 |
_aİstanbul : _bHak Kitabevi, _c1954. |
|
| 300 |
_aXLVIII, 847 s. ; _c21 cm. |
||
| 500 | _aDizin. | ||
| 700 | 1 |
_aElbir, Halid K. _d1921- _956189 |
|
| 902 | _a31986 | ||
| 903 | _aMerkez Kütüphane | ||
| 945 | _aSEA | ||
| 942 | _cBK | ||